00397 2200157 4500001002100000008004100021035002000062245004800082100002000130250000600150260003500156084001400191082000800205650001400213990001200227INLIS000000000001484 ind  a0010-1124000007 aKembangkan Dirimu Jadi GurucSalman Rusydie aRusydie, Salman a1 aYogyakarta :bDiva Pressc2012 a000 SAL k a000 aNon Fiksi a0715313